Kemalizm ve tek parti dönemi: (Record no. 10064)

MARC details
000 -BAŞLIK
Sabit Uzunlukta Kontrol Alanı 00932na a2200277 4500
999 ## - SİSTEM KONTROL NUMARALARI (KOHA)
Koha Biblionumber 10064
Koha Biblioitemnumber 10064
001 - KONTROL NUMARASI
Denetim Alanı 23405
003 - KONTROL NUMARASI IDENTIFIER
Denetim Alanı MIRAKIL
005 - SON İŞLEM TARİHİ VE ZAMANI
Denetim Alanı 20211214000606.0
008 - SABİT-BOY VERİ ELEMANLARI - GENEL BİLGİLER
Sabit Uzunlukta Kontrol Alanı 200109b tu ||||| |||| 00| 0 tur d
020 ## - ULUSLARARASI STANDART KİTAP NUMARASI
Uluslararası Standart Kitap Numarası 9786054160938
040 ## - KATALOGLAMA KAYNAK
Orijinal Kataloglama Ajansı TR-AnCHP
Kataloglama Dili tur
Metne Dönüştürmek Ajansı TR-AnCHP
041 ## - DİL KODU
Metin / Ses Parça Veya Ayrı Başlığın Dil Kodu tur
082 ## - DEWEY ONLU SINIFLANDIRMA NUMARASI
Sınıflandırma Numarası 320.9561
Ürün Numarası S29k 2017
100 ## - ANA GİRİŞ - KİŞİSEL İSİM
Kişisel Ad Saylan, İbrahim
245 ## - BAŞLIK TABLOSU
Başlık Kemalizm ve tek parti dönemi:
Başlığın Kalan Tanımlamaya ve anlamaya yönelik farklı yaklaşımlar/
Sorumluluk Tablosu, Vb İbrahim Saylan, Erkan Doğan.
246 ## - UNVAN FORM VARYING
Başlık Doğru / Kısa Başlığı Tanımlamaya ve anlamaya yönelik farklı yaklaşımlar
260 ## - YAYIN, DAĞITIM, VB
Yayın, Dağıtım, Vb Yeri Ankara:
Yayıncı, Dağıtıcı, Vs Adı Efil Yayınevi,
Yayın, Dağıtım, Vb Tarihi 2017.
Üretici Firma Sözkesen matbaacılık.
300 ## - FİZİKSEL TANIM
Kapsam ıx, 182 s.:
Boyutlar 19 sm.
440 ## - SERİSİ TABLOSU / KATMA GİRİŞİ - BAŞLIK
Başlık Efil yaynları
Hacim / Ardışık Tanımı Genel yayın nu.:278
504 ## - KAYNAKÇA VB NOT
Kaynakça Vb Notu Kaynakça vardır.
650 #0 - KONU KATMA GİRİŞ - TOPİKAL DÖNEM
Topikal Süreli Veya Coğrafi Ad Giriş Elemanı Siyaset ve yönetim
Genel Alt Bölümü Türkiye
Coğrafi Alt Bölümü Türkiye
9 (RLIN) 9
650 #0 - KONU KATMA GİRİŞ - TOPİKAL DÖNEM
9 (RLIN) 5106
Topikal Süreli Veya Coğrafi Ad Giriş Elemanı siyasi tarih
Genel Alt Bölümü Türkiye
650 #0 - KONU KATMA GİRİŞ - TOPİKAL DÖNEM
9 (RLIN) 5673
Topikal Süreli Veya Coğrafi Ad Giriş Elemanı Kemalizm
700 ## - KATMA GİRİŞ - KİŞİSEL İSİM
Kişisel Ad Doğan, Erkan
942 ## - EKLENDİ GİRİŞ ELEMANLARI (KOHA)
Sınıflandırma Veya Raf Düzeni Kaynak Dewey Decimal Classification
Koha Öğesi Türü Books
Holdings
Kalıcı Konum Mevcut Konum Edinme Tarihi Edinim Kaynak Toplam Check-Out'Lar Tam Çağrı Numarası Barkod Tarih Son Görülme İtibaren Geçerli Fiyatlar Koha Öğesi Türü
CHP Kütüphanesi CHP Kütüphanesi 09/25/2017 Bağış   320.9561 S29k 2017 017389 09/25/2017 09/25/2017 Books